[Event "AUT-ch Open 2020"]
[Site "Graz"]
[Date "2020.02.21"]
[Round "9.33"]
[White "Bakalarz, Mietek"]
[Black "Paltrinieri, Nicholas"]
[Result "1-0"]
[WhiteElo "2245"]
[BlackElo "2245"]
[Annotator "ChessBase"]
[PlyCount "81"]
[EventDate "2020.02.14"]
[EventType "swiss"]
[EventCountry "AUT"]
[SourceTitle "playchess.com"]
[Source "ChessBase"]
[SourceQuality "1"]

1. e4 e6 2. d4 d5 3. Nc3 Bb4 4. exd5 exd5 5. Bd3 Nc6 6. Nge2 Nge7 7. a3 Bxc3+ 8. bxc3 Bf5 9. Ng3 Bg6 10. h4 Qd7 11. h5 Bxd3 12. cxd3 h6 13. Qf3 Qe6+ 14. Qe2 Qxe2+ 15. Kxe2 O-O-O 16. Bf4 Rde8 17. Kd2 Nd8 18. Rae1 Ne6 19. Be5 Kd7 20. f4 f5 21. Re2 Rhf8 22. Rhe1 Nc6 23. Rf2 Na5 24. Nf1 c5 25. dxc5 Nb3+ 26. Kc2 Nbxc5 27. Re3 Rc8 28. Rg3 d4 29. Bxg7 Rf7 30. Be5 Na4 31. c4 b5 32. Nd2 Nb6 33. Kb2 bxc4 34. Nxc4 Nxc4+ 35. dxc4 Rxc4 36. Rg6 Re7 37. Rc2 Rxc2+ 38. Kxc2 Re8 39. Rxh6 Rc8+ 40. Kd2 Rc4 41. Rxe6 1-0

[Event "AUT-ch Open 2020"]
[Site "Graz"]
[Date "2020.02.21"]
[Round "9.34"]
[White "Mis, Mieszko"]
[Black "Ragger, Anna-Christina"]
[Result "1-0"]
[WhiteElo "2205"]
[BlackElo "2205"]
[Annotator "NA"]
[PlyCount "83"]
[EventDate "2020.02.14"]
[EventType "swiss"]
[EventCountry "AUT"]
[SourceTitle "playchess.com"]
[Source "ChessBase"]
[SourceQuality "1"]

1. d4 Nf6 2. c4 b6 3. Nc3 Bb7 4. Qc2 d5 5. cxd5 Nxd5 6. e4 Nxc3 7. bxc3 e5 8. Nf3 exd4 9. Bc4 Nc6 10. O-O Bc5 11. Rd1 O-O 12. e5 Qd7 13. Ng5 g6 14. e6 Qe7 15. exf7+ Kh8 16. cxd4 Bxd4 17. Ne6 Bf6 18. Nxf8 Rxf8 19. Bh6 Bg7 20. Bxg7+ Kxg7 21. Qc3+ Qe5 22. Rac1 Qxc3 23. Rxc3 Ne5 24. Bb3 c5 25. Re3 Nc6 26. Rd7 Na5 27. Re8 Nxb3 28. Rxf8 Kxf8 29. axb3 Bc6 30. Rxa7 Bd5 31. Ra6 b5 32. Ra5 Bc6 33. Ra7 Bd5 34. Rc7 Bxb3 35. Rxc5 Bc4 36. Rc7 Bxf7 37. Rb7 Bc4 38. f4 h5 39. Kf2 Ke8 40. Ke3 Bd5 41. Rxb5 Bxg2 42. Rg5 1-0